| 000 | 00407nam a22001697a 4500 | ||
|---|---|---|---|
| 003 | OSt | ||
| 008 | 231017b |||||||| |||| 00| 0 eng d | ||
| 020 | _a9788194870975 | ||
| 082 | _a615.19 AGP | ||
| 100 | _aAGARWAL, R.K | ||
| 245 | _aPHARMACEUTICAL CHEMISTRY | ||
| 250 | _a4th | ||
| 260 |
_aNew Delhi _bCBS Pub. _c2024 |
||
| 300 | _a288 | ||
| 650 | _aPHARMACEUTICAL INOGONIC CHEMISTRY | ||
| 942 |
_2ddc _cBK |
||
| 999 |
_c12110 _d12110 |
||